Zmeny základného imania v spoločnosti s ručením obmedzeným bakalárska práca

Guardado en:
Detalles Bibliográficos
Autor principal: Pethöová, Petra
Autor Corporativo: Fakulta hospodárskej informatiky EU. Katedra účtovníctva a audítorstva
Otros Autores: Tomanicová, Viera
Formato: Libro
Lenguaje:eslovaco
Publicado: Bratislava 2016
Etiquetas: Agregar Etiqueta
Sin Etiquetas, Sea el primero en etiquetar este registro!

MARC

LEADER 00000nbm a2200000 4500
001 0218921
005 20240903101850.2
041 0 |a slo 
044 |a SK 
245 1 0 |a Zmeny základného imania v spoločnosti s ručením obmedzeným  |b bakalárska práca  |c Petra Pethöová ; školiteľ: Viera Tomanicová 
264 1 |a Bratislava  |c 2016 
300 |a 41 s. 
100 1 |a Pethöová, Petra 
700 1 |a Tomanicová, Viera 
710 2 |a Fakulta hospodárskej informatiky EU. Katedra účtovníctva a audítorstva